LEADER 00995nam--2200349---450 001 990001808130203316 005 20200428101521.0 010 $a88-11-73815-6 035 $a000180813 035 $aUSA01000180813 035 $a(ALEPH)000180813USA01 035 $a000180813 100 $a20040701d1992----km-y0itay0103----ba 101 0 $aita 102 $aIT 105 $aa---||||001yy 200 1 $aMemoria di sangue$eun'autobiografia$fMartha Graham$gprefazione di Leonetta Bentivoglio 210 $aMilano$cGarzanti$d1992 215 $aXII, 267 p.$cill.$d21 cm 225 2 $aMemorie documenti biografie 410 0$12001$aMemorie documenti biografie 606 0 $aBalletti 676 $a792.82092 700 1$aGRAHAM,$bMartha$0527574 702 1$aBENTIVOGLIO,$bLeonetta 801 0$aIT$bsalbc$gISBD 912 $a990001808130203316 951 $aXVII A. 1568$b6385 DLAS$cXVII A.$d00349220 959 $aBK 969 $aCAS 996 $aMemoria di sangue$9813051 997 $aUNISA LEADER 01414nam--2200433---450 001 990001214360203316 005 20220722091806.0 035 $a000121436 035 $aUSA01000121436 035 $a(ALEPH)000121436USA01 035 $a000121436 100 $a20031023d1957----km-y0itay0103----ba 101 0 $agrc 105 $a||||||||001yy 200 1 $aAeschyli septem quae supersunt tragoediae$fEschilo$grecensuit Gilbertus Murray 210 $aOxonii$cE Typographeo Clarendoniano$d1957 215 $aXVI, 375 p.$d19 cm. 225 2 $aScriptorum classicorum Bibliotheca oxoniensis 300 $aRist. dell'Ed. del 1955 410 0$12001$aScriptorum classicorum Bibliotheca oxoniensis 454 1$12001 461 1$1001-------$12001 700 1$aAESCHYLUS$0153340 702 1$aMURRAY,$bGilbertus 801 0$aIT$bsalbc$gISBD 912 $a990001214360203316 951 $aV.1. Coll.32/ 7(VIII A coll.34/6)$b48273 L.M.$cVIII A 951 $aXV 21 849$bDispac$cXV 21 959 $aBK 969 $aUMA 969 $aFPAV 979 $aSIAV3$b10$c20031023$lUSA01$h0911 979 $aSIAV3$b10$c20031023$lUSA01$h0932 979 $aSIAV3$b10$c20031023$lUSA01$h1133 979 $aPATRY$b90$c20040406$lUSA01$h1727 979 $aCOPAT6$b90$c20051116$lUSA01$h1458 979 $aCOPAT6$b90$c20060322$lUSA01$h1636 996 $aAeschyli septem quae supersunt tragoediae$9754782 997 $aUNISA LEADER 01648nas 2200505-a 450 001 996251311403316 005 20230217213020.0 011 $a2048-4011 035 $a(OCoLC)55133492 035 $a(CKB)957969847001 035 $a(CONSER)--2004236554 035 $a(DE-599)ZDB2026561-X 035 $a(EXLCZ)99957969847001 100 $a20040513a19979999 o-- - 101 0 $aeng 135 $aur||||||||||| 181 $ctxt$2rdacontent 182 $cc$2rdamedia 183 $acr$2rdacarrier 200 10$aAdvances in structural engineering 210 1$a[Brentwood, Essex, UK] :$c[Multi-Science Pub. Co.],$d[1997]- 210 31$aLondon, UK ;$aThousand Oaks, CA :$cSAGE Publishings Ltd. 215 $a1 online resource 300 $aRefereed/Peer-reviewed 311 $a1369-4332 531 $aADV STRUCT ENG 531 $aADVANCES IN STRUCTURAL ENGINEERING AN INTERNATIONAL JOURNAL 531 $aADV. STRUCT. ENG 606 $aStructural engineering$vPeriodicals 606 $aStructural engineering 606 $aTechnique de la construction 606 $aTechnique de la construction$vPériodiques 606 $astructural engineering$2aat 606 $aStructural engineering$2fast$3(OCoLC)fst01135658 608 $aPeriodicals.$2fast 615 0$aStructural engineering 615 0$aStructural engineering. 615 6$aTechnique de la construction. 615 6$aTechnique de la construction 615 7$astructural engineering. 615 7$aStructural engineering. 906 $aJOURNAL 912 $a996251311403316 996 $aAdvances in Structural Engineering$91407673 997 $aUNISA